[Event "Padova op-A 18th"]
[Site "Padova"]
[Date "2015.12.18"]
[Round "7.28"]
[White "Vatkali, Dimitra"]
[Black "Casciello, Dimitri"]
[Result "1-0"]
[WhiteElo "1983"]
[BlackElo "2040"]
[PlyCount "103"]
[EventDate "2015.12.13"]
[EventType "swiss"]
[EventRounds "9"]
[EventCountry "ITA"]
[SourceTitle "EXT 2024"]
[Source "ChessBase"]
[SourceDate "2023.10.10"]
[SourceVersion "1"]
[SourceVersionDate "2023.10.10"]
[SourceQuality "1"]

1. d4 Nf6 2. c4 g6 3. Nc3 Bg7 4. Nf3 0-0 5. Bg5 d6 6. e3 c5 7. d5 h6 8. Bh4 e6 9. Nd2 a6 10. a4 exd5 11. cxd5 Nbd7 12. Be2 Re8 13. 0-0 Qc7 14. Bg3 Ne5 15. h3 Nh7 16. Qc2 f5 17. Nc4 Nxc4 18. Bxc4 Nf6 19. Rfe1 Nd7 20. Re2 Ne5 21. Ba2 Bd7 22. f4 Nf7 23. Bc4 Re7 24. Qd3 Rae8 25. Nd1 Qc8 26. Ra2 Rf8 27. Be1 Ree8 28. Bc3 Qd8 29. a5 Re4 30. b3 Bc8 31. Bxg7 Kxg7 32. Qc3+ Qf6 33. Bd3 Re7 34. Qxf6+ Kxf6 35. Nb2 Rfe8 36. Kf2 g5 37. Nc4 Bd7 38. Kf3 Bb5 39. g4 fxg4+ 40. hxg4 gxf4 41. exf4 Rxe2 42. Rxe2 Rxe2 43. Kxe2 Bd7 44. Kf3 Ke7 45. Nb6 Be8 46. Bf5 Kd8 47. Be6 Ke7 48. Ke4 Nd8 49. Nc8+ Kf8 50. Nxd6 Nxe6 51. dxe6 Bc6+ 52. Ke5 1-0

[Event "Padova op-A 18th"]
[Site "Padova"]
[Date "2015.12.16"]
[Round "5.22"]
[White "Pescatore, Lorenzo"]
[Black "Casciello, Dimitri"]
[Result "1-0"]
[WhiteElo "2243"]
[BlackElo "2040"]
[PlyCount "63"]
[EventDate "2015.12.13"]
[EventType "swiss"]
[EventRounds "9"]
[EventCountry "ITA"]
[SourceTitle "EXT 2024"]
[Source "ChessBase"]
[SourceDate "2023.10.10"]
[SourceVersion "1"]
[SourceVersionDate "2023.10.10"]
[SourceQuality "1"]

1. e4 c5 2. c3 Nf6 3. e5 Nd5 4. d4 cxd4 5. Nf3 Nc6 6. cxd4 d6 7. Bc4 Nb6 8. Bb5 Bd7 9. exd6 e6 10. 0-0 Bxd6 11. Nc3 0-0 12. Bd3 f5 13. Re1 h6 14. Bb5 Nb4 15. Qe2 Re8 16. a3 N4d5 17. Bd3 Rc8 18. Bd2 a6 19. Ne5 Bxe5 20. Qxe5 Qc7 21. Qe2 Nxc3 22. bxc3 Nc4 23. Bxc4 Qxc4 24. Qh5 Rf8 25. Bxh6 Qxc3 26. Rad1 Qc2 27. Qg6 Rf7 28. d5 exd5 29. Rc1 Qa4 30. Rxc8+ Bxc8 31. Bxg7 Qc6 32. Bf6+ 1-0

[Event "Padova op-A 18th"]
[Site "Padova"]
[Date "2015.12.13"]
[Round "1.17"]
[White "Enchev, Ivajlo"]
[Black "Casciello, Dimitri"]
[Result "1-0"]
[WhiteElo "2452"]
[BlackElo "2040"]
[PlyCount "77"]
[EventDate "2015.12.13"]
[EventType "swiss"]
[EventRounds "9"]
[EventCountry "ITA"]
[SourceTitle "EXT 2024"]
[Source "ChessBase"]
[SourceDate "2023.10.10"]
[SourceVersion "1"]
[SourceVersionDate "2023.10.10"]
[SourceQuality "1"]

1. d4 Nf6 2. c4 g6 3. Nc3 Bg7 4. e4 d6 5. Nf3 0-0 6. Be2 e5 7. 0-0 Nc6 8. d5 Ne7 9. Ne1 Nd7 10. f3 f5 11. g4 Kh8 12. Nd3 Ng8 13. Be3 Bh6 14. Qd2 Bxe3+ 15. Qxe3 Ndf6 16. exf5 gxf5 17. g5 Ne8 18. f4 e4 19. Nf2 Qe7 20. Nh1 h6 21. h4 c5 22. dxc6 bxc6 23. Ng3 Be6 24. Rad1 Rd8 25. Rd2 Qc7 26. Rfd1 Rb8 27. Qd4+ Qg7 28. Qf2 Qc7 29. b3 Qg7 30. Qe3 Ne7 31. Rxd6 Nxd6 32. Rxd6 hxg5 33. hxg5 Bf7 34. Rd7 Be8 35. Rxa7 Rd8 36. Na4 Qa1+ 37. Kf2 Ng6 38. Nc5 Rd6 39. Ngxe4 1-0

[Event "Padova op-A 12th"]
[Site "Padova"]
[Date "2009.12.14"]
[Round "3.11"]
[White "Casciello, Dimitri"]
[Black "Bentivegna, Francesco"]
[Result "0-1"]
[WhiteElo "2028"]
[BlackElo "2303"]
[PlyCount "31"]
[EventDate "2009.12.13"]
[EventType "swiss"]
[EventRounds "9"]
[EventCountry "ITA"]
[SourceTitle "EXT 2024"]
[Source "ChessBase"]
[SourceDate "2023.10.10"]
[SourceVersion "1"]
[SourceVersionDate "2023.10.10"]
[SourceQuality "1"]

1. e4 e5 2. Nf3 Nc6 3. Nc3 Bc5 4. g3 d6 5. Bg2 Nge7 6. 0-0 a6 7. d3 0-0 8. Nh4 Kh8 9. Be3 Be6 10. Qd2 f6 11. f4 Bxe3+ 12. Qxe3 Nd4 13. Rf2 c5 14. Nd5 exf4 15. gxf4 Nxd5 16. exd5 0-1

[Event "Padova op-A 10th"]
[Site "Padova"]
[Date "2007.12.16"]
[Round "2.13"]
[White "Casciello, Dimitri"]
[Black "Palumbo, Giuseppe"]
[Result "1-0"]
[WhiteElo "2017"]
[BlackElo "1613"]
[PlyCount "37"]
[EventDate "2007.12.15"]
[EventType "swiss"]
[EventRounds "9"]
[EventCountry "ITA"]
[SourceTitle "EXT 2024"]
[Source "ChessBase"]
[SourceDate "2023.10.10"]
[SourceVersion "1"]
[SourceVersionDate "2023.10.10"]
[SourceQuality "1"]

1. e4 c5 2. Nf3 d6 3. d4 cxd4 4. Nxd4 Nf6 5. Nc3 a6 6. h3 e6 7. g4 Be7 8. Bg2 Qc7 9. Be3 Nc6 10. g5 Nd7 11. f4 Nxd4 12. Qxd4 e5 13. Qd2 exf4 14. Nd5 Qd8 15. Bxf4 Ne5 16. Nxe7 Kxe7 17. 0-0-0 Be6 18. Bxe5 dxe5 19. Qb4+ 1-0

[Event "Alta Padovana op 5th"]
[Site "Loreggia"]
[Date "2005.02.26"]
[Round "3"]
[White "Casciello, Dimitri"]
[Black "Gennari, Leone"]
[Result "0-1"]
[WhiteElo "1904"]
[BlackElo "2053"]
[PlyCount "154"]
[EventDate "2005.02.25"]
[EventType "swiss"]
[EventRounds "5"]
[EventCountry "ITA"]
[SourceTitle "EXT 2007"]
[Source "ChessBase"]
[SourceDate "2006.11.23"]
[SourceVersion "1"]
[SourceVersionDate "2006.11.23"]
[SourceQuality "1"]

1. e4 c6 2. d4 d5 3. e5 Bf5 4. Nc3 e6 5. g4 Bg6 6. Nge2 h6 7. Be3 Nd7 8. Nf4 Bh7 9. h4 c5 10. Qe2 a6 11. dxc5 Bxc5 12. Bxc5 Nxc5 13. Bg2 Ne7 14. Nh5 Rg8 15. f4 Qc7 16. Ng3 0-0-0 17. 0-0 Nc6 18. Qf2 Nd7 19. Na4 b5 20. Nc5 Qb6 21. Nd3 Qxf2+ 22. Rxf2 Kb8 23. a4 b4 24. a5 Ka7 25. Nc1 Rb8 26. Nb3 f6 27. exf6 gxf6 28. Bf3 Ne7 29. Re1 e5 30. Kh2 e4 31. Nd4 Rgc8 32. Nh5 Nc6 33. Nxc6+ Rxc6 34. f5 Ne5 35. Bd1 Rbc8 36. Nf4 Bg8 37. Kg3 Bf7 38. Ne2 Rc4 39. b3 R4c5 40. Kf4 Rg8 41. Nd4 Rc3 42. Re3 Rc5 43. Rg3 Nc6 44. Nxc6+ Rxc6 45. g5 hxg5+ 46. hxg5 Rxg5 47. Rxg5 fxg5+ 48. Kxg5 d4 49. Rd2 Rd6 50. Kf4 e3 51. Rg2 Kb8 52. Rg7 Rd7 53. Be2 Kc7 54. Bxa6 Kd6 55. Bd3 Re7 56. Be2 Rc7 57. Bd3 Re7 58. Rg2 Bd5 59. Rg6+ Kc5 60. Be2 Rh7 61. Rg1 Rh2 62. Re1 Kd6 63. Kg5 Ke5 64. Bd3 Rg2+ 65. Kh4 Rf2 66. Kg3 Be4 67. Bxe4 Kxe4 68. a6 Rxf5 69. Ra1 Rg5+ 70. Kh4 Rg8 71. a7 Ra8 72. Kg3 d3 73. cxd3+ Kxd3 74. Kf3 Rf8+ 75. Kg3 e2 76. Kg2 Kc3 77. Re1 Kd2 0-1

[Event "Padova op-B 7th"]
[Site "Padova"]
[Date "2004.12.12"]
[Round "3"]
[White "Casciello, Dimitri"]
[Black "Negro, Raffaele"]
[Result "1-0"]
[WhiteElo "1856"]
[BlackElo "1775"]
[PlyCount "89"]
[EventDate "2004.12.11"]
[EventType "swiss"]
[EventRounds "6"]
[EventCountry "ITA"]
[SourceTitle "EXT 2023"]
[Source "ChessBase"]
[SourceDate "2022.10.05"]
[SourceVersion "1"]
[SourceVersionDate "2022.10.05"]
[SourceQuality "1"]

1. e4 d6 2. d4 Nf6 3. Nc3 c6 4. f3 Nbd7 5. Be3 Qb6 6. Qc1 e6 7. g4 h6 8. Nge2 a6 9. Bg2 Qc7 10. a4 Be7 11. Qd2 Rb8 12. a5 b5 13. axb6 Nxb6 14. b3 Bb7 15. 0-0 0-0 16. Nf4 e5 17. Nfe2 Nbd7 18. h3 Rfe8 19. Ng3 Bf8 20. Nf5 exd4 21. Nxd4 d5 22. exd5 Nxd5 23. Nxd5 cxd5 24. Kh1 Rbc8 25. Qf2 Qe5 26. Rae1 Bd6 27. f4 Qf6 28. Bd2 Nc5 29. Nf5 Bf8 30. Be3 Ne4 31. Bxe4 Rxe4 32. Bd4 Qc6 33. c3 Rce8 34. Ng3 R4e6 35. b4 Qc4 36. Rxe6 Rxe6 37. f5 Re8 38. f6 g6 39. Rg1 Bc8 40. Qf4 Qc6 41. Nf5 Bxf5 42. gxf5 g5 43. h4 Re4 44. Qf2 Rf4 45. Qxf4 1-0

[Event "Vicenza op 8th"]
[Site "Vicenza"]
[Date "2004.10.10"]
[Round "5"]
[White "Casciello, Dimitri"]
[Black "Lain, Luigi"]
[Result "0-1"]
[WhiteElo "1856"]
[BlackElo "2262"]
[PlyCount "70"]
[EventDate "2004.10.02"]
[EventType "swiss"]
[EventRounds "6"]
[EventCountry "ITA"]
[SourceTitle "EXT 2009"]
[Source "ChessBase"]
[SourceDate "2008.11.26"]
[SourceVersion "1"]
[SourceVersionDate "2008.11.26"]
[SourceQuality "1"]

1. e4 e5 2. Nf3 Nc6 3. Bb5 Nge7 4. 0-0 g6 5. c3 Bg7 6. d4 exd4 7. cxd4 d5 8. exd5 Nxd5 9. Re1+ Be6 10. Ng5 0-0 11. Bxc6 bxc6 12. Nxe6 fxe6 13. Qg4 Qf6 14. Qxe6+ Qxe6 15. Rxe6 Bxd4 16. Nd2 Rxf2 17. Nb3 Raf8 18. h3 Bxb2 19. Bh6 Bxa1 20. Bxf8 Rxa2 21. Bh6 c5 22. Re1 Bg7 23. Bxg7 Kxg7 24. Nxc5 a5 25. Re4 Kf7 26. g4 Rc2 27. Nb7 Nc3 28. Re5 a4 29. Ra5 Ke7 30. Nc5 Ra2 31. Kf1 a3 32. Nb3 Rb2 33. Rxa3 Nb5 34. Ra8 Rxb3 35. Rh8 Rxh3 0-1

[Event "Veneto-ch Quarti di Finale 64th"]
[Site "Arqua Petrarca"]
[Date "2004.05.09"]
[Round "3.6"]
[White "Roberti, Ignazio"]
[Black "Casciello, Dimitri"]
[Result "0-1"]
[WhiteElo "1992"]
[BlackElo "1820"]
[PlyCount "96"]
[EventDate "2004.05.08"]
[EventType "swiss"]
[EventRounds "6"]
[EventCountry "ITA"]
[SourceTitle "EXT 2023"]
[Source "ChessBase"]
[SourceDate "2022.10.05"]
[SourceVersion "1"]
[SourceVersionDate "2022.10.05"]
[SourceQuality "1"]

1. e4 c5 2. Nf3 d6 3. d4 cxd4 4. Nxd4 Nf6 5. Nc3 g6 6. Be3 Bg7 7. f3 0-0 8. Bc4 Nc6 9. Qd2 Bd7 10. 0-0-0 Rc8 11. Bb3 Ne5 12. g4 Nc4 13. Bxc4 Rxc4 14. h4 b5 15. h5 b4 16. Nce2 Qa5 17. Kb1 Rfc8 18. hxg6 fxg6 19. Rc1 Be6 20. Ng3 Bf7 21. Nb3 Qb5 22. g5 Nd7 23. f4 a5 24. Bd4 Rxd4 25. Nxd4 Qc4 26. Nb3 a4 27. Rhd1 Nc5 28. e5 dxe5 29. f5 Re8 30. f6 exf6 31. Qd6 Rc8 32. Qe7 f5 33. Rd8+ Rxd8 34. Qxd8+ Bf8 35. Rd1 axb3 36. axb3 Qg4 37. Nf1 Ne6 38. Qd7 Nd4 39. Rc1 Qxg5 40. Qc7 Qe7 41. Qb8 e4 42. Ne3 Nc6 43. Qf4 Qe5 44. Qh4 Be7 45. Qh6 Bf6 46. c3 Bg7 47. Qh3 Bxb3 48. Re1 h6 0-1

[Event "Veneto-ch Quarti di Finale 64th"]
[Site "Arqua Petrarca"]
[Date "2004.04.16"]
[Round "6.7"]
[White "Quaranta, Cristiano"]
[Black "Casciello, Dimitri"]
[Result "1-0"]
[WhiteElo "2031"]
[BlackElo "1820"]
[PlyCount "67"]
[EventDate "2004.05.08"]
[EventType "swiss"]
[EventRounds "6"]
[EventCountry "ITA"]
[SourceTitle "EXT 2023"]
[Source "ChessBase"]
[SourceDate "2022.10.05"]
[SourceVersion "1"]
[SourceVersionDate "2022.10.05"]
[SourceQuality "1"]

1. d4 Nf6 2. Bg5 g6 3. Bxf6 exf6 4. c4 Bg7 5. Nc3 d6 6. g3 Nc6 7. Bg2 f5 8. e3 0-0 9. Nge2 Re8 10. 0-0 h5 11. a3 a5 12. Qc2 Bd7 13. Rfd1 h4 14. Nb5 hxg3 15. hxg3 Qc8 16. Nf4 Ne7 17. a4 Bc6 18. d5 Bxb5 19. cxb5 Qd7 20. Rac1 Rac8 21. Ne2 Kf8 22. Nd4 Ng8 23. Rd3 Nf6 24. Rc3 Re7 25. b6 Ne8 26. Rc4 Bxd4 27. Rxd4 Ra8 28. Qc3 f6 29. bxc7 Qxc7 30. Rc4 Qd7 31. Bh3 b5 32. Rc6 bxa4 33. Qd4 Re4 34. Qxe4 1-0

[Event "Veneto-ch qf 63rd"]
[Site "Arqua Petrarca"]
[Date "2003.05.10"]
[Round "4.13"]
[White "Casciello, Dimitri"]
[Black "Negro, Raffaele"]
[Result "1/2-1/2"]
[WhiteElo "1600"]
[BlackElo "1696"]
[PlyCount "130"]
[EventDate "2003.05.03"]
[EventType "swiss"]
[EventRounds "6"]
[EventCountry "ITA"]
[SourceTitle "EXT 2024"]
[Source "ChessBase"]
[SourceDate "2023.10.10"]
[SourceVersion "1"]
[SourceVersionDate "2023.10.10"]
[SourceQuality "1"]

1. e4 d6 2. d4 Nf6 3. Nc3 g6 4. Nf3 Bg7 5. Be2 0-0 6. 0-0 Bg4 7. h3 Bxf3 8. Bxf3 Nc6 9. Be3 e5 10. d5 Ne7 11. Ne2 Nd7 12. c4 f5 13. Nc3 f4 14. Bc1 Nf6 15. b4 g5 16. a4 Ng6 17. c5 Nh4 18. Bg4 Nxg4 19. Qxg4 Qf6 20. Nb5 Rf7 21. cxd6 cxd6 22. Bd2 a6 23. Na3 Qg6 24. Rac1 h5 25. Rc8+ Kh7 26. Qe6 Rxc8 27. Qxc8 Qxe4 28. Qc2 Qxc2 29. Nxc2 Rc7 30. Na3 Nf5 31. Rd1 Ne7 32. Be1 e4 33. Nb1 Kg6 34. Nd2 Kf5 35. f3 exf3 36. gxf3 Ke5 37. Ne4 Nxd5 38. Bf2 Rc4 39. Nxg5 Nxb4 40. Nf7+ Ke6 41. Nxd6 Rc7 42. Ne8 Rf7 43. Rd6+ Kf5 44. Rb6 Bf8 45. Nd6+ Bxd6 46. Rxd6 Nc6 47. Bh4 Ke5 48. Rh6 Rf5 49. Rh7 b5 50. Rh6 Kd5 51. axb5 axb5 52. Kf1 b4 53. Be1 b3 54. Bc3 Nd4 55. Rb6 Nxf3 56. Rxb3 Ke4 57. Ra3 Ng5 58. h4 Nf3 59. Be1 Nxe1 60. Kxe1 f3 61. Kf2 Rf4 62. Rxf3 Rxh4 63. Kg3 Rg4+ 64. Kf2 Kd4 65. Ra3 Ke4 1/2-1/2

[Event "Veneto-ch qf 63rd"]
[Site "Arqua Petrarca"]
[Date "2003.05.04"]
[Round "3.20"]
[White "Casciello, Dimitri"]
[Black "Tonus, Alex"]
[Result "1-0"]
[WhiteElo "1600"]
[BlackElo "1689"]
[PlyCount "41"]
[EventDate "2003.05.03"]
[EventType "swiss"]
[EventRounds "6"]
[EventCountry "ITA"]
[SourceTitle "EXT 2024"]
[Source "ChessBase"]
[SourceDate "2023.10.10"]
[SourceVersion "1"]
[SourceVersionDate "2023.10.10"]
[SourceQuality "1"]

1. e4 c5 2. Nf3 d6 3. d4 cxd4 4. Nxd4 Nf6 5. Nc3 a6 6. Be2 e5 7. Nb3 Be6 8. 0-0 Nbd7 9. Be3 Be7 10. f3 0-0 11. Qd2 Qc7 12. g4 Rac8 13. a4 Nb6 14. a5 Nc4 15. Bxc4 Bxc4 16. g5 Bxf1 17. gxf6 Bxf6 18. Rxf1 Qd7 19. Qg2 g6 20. Nd5 Qd8 21. Bb6 1-0

[Event "Veneto-ch qf 63rd"]
[Site "Arqua Petrarca"]
[Date "2003.05.03"]
[Round "1.13"]
[White "Casciello, Dimitri"]
[Black "Cecchetto, Vanni"]
[Result "1-0"]
[WhiteElo "1600"]
[BlackElo "2051"]
[PlyCount "125"]
[EventDate "2003.05.03"]
[EventType "swiss"]
[EventRounds "6"]
[EventCountry "ITA"]
[SourceTitle "EXT 2024"]
[Source "ChessBase"]
[SourceDate "2023.10.10"]
[SourceVersion "1"]
[SourceVersionDate "2023.10.10"]
[SourceQuality "1"]

1. e4 c5 2. Nf3 e6 3. d4 cxd4 4. Nxd4 a6 5. c4 Qc7 6. Nc3 Nf6 7. Be2 d6 8. 0-0 Be7 9. Be3 0-0 10. Rc1 Nbd7 11. f4 b6 12. Bf3 Bb7 13. Qd3 Rac8 14. b3 Nc5 15. Qb1 Rfe8 16. Kh1 e5 17. fxe5 dxe5 18. Nf5 Bf8 19. Nd5 Bxd5 20. cxd5 Qb7 21. Rfd1 Ncd7 22. b4 b5 23. Qb3 Nb6 24. Bc5 Nc4 25. Bxf8 Kxf8 26. Ne3 Nd2 27. Qd3 Nxf3 28. gxf3 Qd7 29. Nf5 g6 30. Qe3 Ng8 31. Nh6 Rc4 32. Rxc4 bxc4 33. Qc5+ Kg7 34. Nxg8 Rc8 35. Qe7 Qh3 36. Qxe5+ Kxg8 37. Qf4 c3 38. d6 c2 39. Rc1 Rc3 40. Qg4 Qh6 41. f4 Qf8 42. e5 Qa8+ 43. Qg2 Qc8 44. Qd5 Qd7 45. a4 Rc8 46. b5 axb5 47. axb5 Rb8 48. Rxc2 Rxb5 49. Qa8+ Kg7 50. Qc8 Rb1+ 51. Kg2 Qb5 52. Qc4 Qd7 53. h3 Qa7 54. Qc5 Qb7+ 55. Qc6 Qa7 56. Rf2 Rb6 57. Qd5 Qd7 58. Qe4 Rb3 59. f5 f6 60. exf6+ Kxf6 61. fxg6+ Kg5 62. Qe7+ Qxe7 63. dxe7 1-0